Historia de la economía soviética / (Record no. 30534)
[ view plain ]
| 000 -LEADER | |
|---|---|
| campo de control de longitud fija | 01171nam a2200265 i 4500 |
| 001 - NÚMERO DE CONTROL | |
| campo de control | 30534 |
| 003 - IDENTIFICADOR DE NÚMERO DE CONTROL | |
| campo de control | ES-MaACL |
| 005 - FECHA Y HORA DE LA ÚLTIMA TRANSACCIÓN | |
| campo de control | 20250402170255.0 |
| 007 - CAMPO FIJO DE DESCRIPCIÓN FÍSICA--INFORMACIÓN GENERAL | |
| campo de control de longitud fija | t| |
| 008 - DATOS DE LONGITUD FIJA--INFORMACIÓN GENERAL | |
| campo de control de longitud fija | 030124s1948 mx ||||1| spa d |
| 100 1# - ENTRADA PRINCIPAL--NOMBRE DE PERSONA | |
| Nombre de persona | Baykov, Alexander. |
| 9 (RLIN) | 26669 |
| 245 10 - MENCIÓN DEL TÍTULO | |
| Título | Historia de la economía soviética / |
| Mención de responsabilidad, etc. | Alexander Baykov ; versión española de Hernán Laborde. |
| 250 ## - MENCION DE EDICION | |
| Mención de edición | [1a ed. en español]. |
| 260 ## - PUBLICACIÓN, DISTRIBUCIÓN, ETC. | |
| Lugar de publicación, distribución, etc. | México, etc. : |
| Nombre del editor, distribuidor, etc. | Fondo de Cultura Económica, |
| Fecha de publicación, distribución, etc. | [1948] ( |
| Fabricante | Gráf. Panamericana) |
| 300 ## - DESCRIPCIÓN FÍSICA | |
| Extensión | 527 p. ; |
| Dimensiones | 24 cm. |
| 510 ## - NOTA DE CITAS O REFERENCIAS BIBLIOGRÁFICAS | |
| Nombre de la fuente | CCPB, |
| Localización dentro de la fuente | 001051805-3 |
| 651 #4 - PUNTO DE ACCESO ADICIONAL DE MATERIA--NOMBRE GEOGRÁFICO | |
| 9 (RLIN) | 9477 |
| Nombre geográfico | URSS- |
| Subdivisión general | Política económica |
| 651 #7 - PUNTO DE ACCESO ADICIONAL DE MATERIA--NOMBRE GEOGRÁFICO | |
| 9 (RLIN) | 167716 |
| Nombre geográfico | URSS- |
| Subdivisión de forma | Historia |
| Subdivisión general | Situación económica- |
| 700 1# - ENTRADA AGREGADA--NOMBRE PERSONAL | |
| Nombre de persona | Laborde, Hernán. |
| 9 (RLIN) | 69249 |
| 852 ## - LOCALIZACIÓN | |
| Ubicación | ES-MaACL |
| Número de control de estantería | D-6530 |
| Sublocalización o colección | R.31398 |
| -- | R.M. 6121 |
| itemnumber | 31677 |
| Ubicación en estantería | Sala Valle Inclán |
| Marcas de propiedad | Sello en tinta azul de la Biblioteca del Ateneo de Madrid |
| Anotaciones manuscritas | Anotación manuscrita en hoja de guarda: "140.-" |
| -- | Anotación manuscrita en cubierta: "15" |
| Nota libre | En cubierta: "15. NOV. 1951" |
| 942 ## - ELEMENTOS DE ENTRADA SECUNDARIOS (KOHA) | |
| Fuente del sistema de clasificación o colocación | Clasificación decimal universal |
| Tipo de ítem Koha | Libro impreso |
| Estatus retirado | Estado de pérdida | Estado de daño | No para préstamo | Biblioteca de origen | Biblioteca actual | Ubicación en estantería | Fecha de adquisición | Fuente de adquisición | Total de préstamos | Signatura topográfica completa | Código de barras | Visto por última vez | Precio de reemplazo | Tipo de ítem Koha |
|---|---|---|---|---|---|---|---|---|---|---|---|---|---|---|
| Biblioteca del Ateneo de Madrid | Biblioteca del Ateneo de Madrid | Sala Valle Inclán | 17/01/2008 | D-6530 | 901031531 | 23/02/2023 | 23/02/2023 | Libro impreso |
